Landskapssymboler - Blommor - Statistics

General Stats
  • This quiz has been taken 17 times
  • The average score is 10 of 25
Answer Stats
Hint Answer % Correct
Småland Linnea
71%
Härjedalen Mosippa
71%
Gotland Murgröna
71%
Jämtland Brunkulla
57%
Lappland Fjällsippa
57%
Halland Hårginst
57%
Västergötland Ljung
57%
Skåne Prästkrage
57%
Västerbotten Kung Karls spira
43%
Gästrikland Liljekonvalj
43%
Ångermanland Styvmorsviol
43%
Södermanland Vit näckros
43%
Dalarna Ängsklocka
29%
Östergötland Blåklint
29%
Blekinge Ek
29%
Medelpad Gran
29%
Närke Gullviva
29%
Uppland Kungsängslilja
29%
Västermanland Mistel
29%
Öland Ölandssolvända
29%
Värmland Skogsstjärna
29%
Norrbotten Åkerbär
14%
Dalsland Förgätmigej
14%
Bohuslän Vildkaprifol
14%
Hälsingland Lin
0%
No matching quizzes found
Score Distribution
Percent of People with Each Score
Percentile by Number Answered
Your Score History
You have not taken this quiz